00481 2200181 4500001002100000005001500021008004100036020001800077035001900095041000700114082001700121090002300138100001700161245005900178260002900237300002200266650001100288INLIS00000000001499820241224114842241224||||||||| | ||| |||| || |  a979-741-673-9 0010-1224014998 aid0 a535.01.09.03 a535.01.09.03 GRI f0 aJHON GRIBBIN00aFisika Kuantum: Panduan Bagi Pemula Ke Dunia Subatomik aJakartabErlangga.c2002 a72hlm;12.5x17.7cm 0aFisika